000 00354nam a2200145Ia 4500
003 OSt
005 20240219144857.0
008 170523s9999 xx 000 0 und d
020 _a978-9352718573
040 _cIIMT UNIVERSITY, MEERUT
100 _aDAD- DK
245 0 _a ADVANCE ACCOUNTING VOL-II"
260 _c1994
_aS CHAND
_bNEW DELHI
942 _2ddc
_c02
999 _c172
_d172